000 00415pab a2200157 454500
008 180718b2003 xxu||||| |||| 00| 0 eng d
100 _aMariappan, V.
245 _aBank failures and contagion effects - a wakeup call for cooperative banks in India
260 _c2003
300 _ap.247-52.
362 _aAug
650 _aBanks - India
650 _aBanks
773 _aAsian Economic Review
909 _a58310
999 _c58310
_d58310